Statistics for Every The Chordettes song that hit the Billboard hot 100

Click here to take the quiz!

General Stats

  • This quiz has been taken 3 times
  • The average score is 7 of 14

Answer Stats

Peak Chart PositionYearSong% Correct
11954Mr Sandman
100%
21958Lollipop
100%
81957Just Between You and Me
67%
131961Never On Sunday
67%
141956Eddie My Love
67%
171958Zorro
67%
51956Born To Be With You
33%
161956Lay Down Your Arms
33%
271959No Other Arms No Other Lips
33%
451956Teen Age Goodnight
33%
731957Soft Sands
33%
891959"A Girl's Work Is Never Done
33%
901961Faraway Star
33%
911956The Wedding
33%

Score Distribution

Percentile by Number Answered

Percent of People with Each Score

Your Score History

You have not taken this quiz